Las energa̕s renovables en la Unin̤ Europea rǧimen jurd̕ico /

Detalles Bibliográficos
Autor principal: Přez-Bustamenta Yb̀ar, David
Formato: eBook
Lenguaje:español
Publicado: Madrid : Dykinson, 2012
Materias:
Acceso en línea:http://www.vlex.com/source/6960

MARC

LEADER 00000nam a22000007a 4500
005 20130114171514.0
007 cr|||| ||||
008 130114e2012 sp |||||s|||| 00||0 spa d
020 |a 978-84-9982-837-4 
035 |a 6960 
040 |a vLex 
090 |c 3514  |d 3514 
100 1 0 |a Přez-Bustamenta Yb̀ar, David 
245 1 4 |a Las energa̕s renovables en la Unin̤ Europea  |h [Recurso electrn̤ico] :  |b rǧimen jurd̕ico /  |c David Přez-Bustamenta Yb̀ar 
256 |a Servicio en ln̕ea 
260 |a Madrid :  |b Dykinson,   |c 2012 
300 |a 1 recurso electrn̤ico 
650 0 4 |a Energa̕s 
651 4 |a Unin̤ Europea 
740 |a vLex Libros (Servicio en ln̕ea) 
856 |a Acceso restringido  |u http://www.vlex.com/source/6960 
942 |c BOOK 
999 0 |a Energy sources